Responses for show #6984 - Thursday, January 15, 2015

John Schultz game 6.

Contestants

Amanda Boitano, a 10th grade English teacher originally from Smithtown, New York

Patricia Kelvin, an editor of a monthly newspaper from Poland, Ohio

John Schultz, a computer programmer from Ann Arbor, Michigan (whose 5-day cash winnings total $104,500)

Jeopardy! Round responses

GONNA FLY NOW
HERALDRY
DOUBLE "O"
HOMER
THE ILL-IAD
THE ODYSSEY
    $200 12
Hawaiian Air

Amanda
    $200 4
Jerusalem

John
    $200 7
moonlighting

John
    $200 26
Babe Ruth

Amanda
    $200 17
tuberculosis

Amanda
    $200 1
dog

John
    $400 13
Aer Lingus

Amanda
    $400 22
Ireland

Patricia
    $400 8
toolbar

Amanda
    $400 27
Ted Williams

Patricia
    $400 18
(Amanda: What is strep throat?)

mumps

PatriciaAmanda
    $400 2
Hermes

Amanda
    $600 14
crop dusting

Patricia
    $600 23
eagle

Patricia
    $600 9
(John: What is maroon?)

trooper

John
Triple Stumper
    $600 28
4

Triple Stumper
    $600 19
glaucoma

Patricia
    $600 3
"string my bow"

Triple Stumper
    $800 15
(Amanda: What is Southwestern?)

Southwest

PatriciaAmanda
    $800 24
The Northwest Passage

Triple Stumper
    $800 10
baboon

Amanda
    $800 29
(Patricia: Who is Mickey Mantle?)
...
[End-of-round signal sounds.]

Roger Maris

JohnPatricia
    $1,000 20
mad cow disease

Patricia
    $800 5
the Underworld

Amanda
    $1000 16
(John: What is Virgin?)

JetBlue

JohnAmanda
    $1000 25
standard

Amanda
    $1000 11
lagoon

Patricia
    $1000 21
cholera

Patricia
    $1000 6
Circe

John

Scores at the first commercial break (after clue 15):

John Patricia Amanda
$1,000 $2,400 $2,200

Scores at the end of the Jeopardy! Round:

John Patricia Amanda
$800 $6,000 $4,200

Double Jeopardy! Round responses

BOUNDARIES OF SPAIN
FIRST LADY MAIDEN NAMES
EXISTENTIALISM
FLOWER POWER
WORDS OF FORGIVENESS
ALADDIN ON BROADWAY
(Alex: With all of the clues delivered by members of the Broadway cast in character.)
    $400 1
Portugal

Amanda
    $400 2
Hillary Clinton

Amanda
    $400 11
"Freedom"

Amanda
    $400 12
a rose

John
    $400 18
a pardon

Amanda
    $400 23
the thousand and one

John
    $800 7
the Mediterranean Sea

Amanda
    $800 3
Jacqueline Kennedy

Amanda
    $800 17
psychology

Amanda
    $800 13
poppies

Amanda
    $800 19
acquit

John
    $800 24
"A Whole New World"

Amanda
    $1200 8
Morocco

John
    $1200 4
Lincoln

John
    $1,000 28
Kierkegaard

Amanda
    $1,400 14
baby's breath

Amanda
    $1200 20
amnesty

John
    $1200 25
Jasmine

John
    $1600 9
the Pyrenees

Amanda
    $1600 5
(Alex: Oh, Patricia, I was hoping you'd ring in on this one, because...)
(Patricia: Just remembered.)

Nancy Davis Reagan

Triple Stumper
    $1600 29
world outlook (or worldview)

Patricia
    $1600 15
Edelweiss

Patricia
    $1600 21
(Amanda: What is comply?)

condone

Amanda
Triple Stumper
    $1600 26
(John: Who is the Genie?)
(Amanda: What is a [*]?)
(Alex: Yes. We needed "this song".)
(John: Ahh!)

"Friend Like Me"

JohnAmanda
    $2000 10
the Bay of Biscay

Patricia
    $2000 6
Betty Ford

Triple Stumper
    $2000 30
Heidegger

Amanda
    $2000 16
phlox

Patricia
    $2000 22
overlook

Patricia
    $2000 27
(Alex: Our thanks to the entire Aladdin cast and crew for providing us with great clues and so much fun in New York.)

Agrabah

Amanda

Scores at the end of the Double Jeopardy! Round:

John Patricia Amanda
$5,600 $15,200 $17,800

[wagering suggestions for these scores]

Final Jeopardy! Round responses

BUSINESS HISTORY
(John: [Explaining "T.C."] Tea Company.)
JohnWhat was the British East India T.C.?
$399
PatriciaWhat was the Mayflower compact?
$4,000
AmandaWhat is the Dutch East India Company
$12,601
the Dutch East India Company

Final scores:

John Patricia Amanda
$5,201 $11,200 $30,401
3rd place: $1,000 2nd place: $2,000 New champion: $30,401

Game dynamics:

Coryat scores:

John Patricia Amanda
$5,600 $15,000 $17,800
12 R,
3 W
15 R
(including 1 DD),
1 W
25 R
(including 2 DDs),
3 W

Combined Coryat: $38,400

The J! Archive is created by fans, for fans. The Jeopardy! game show and all elements thereof, including but not limited to copyright and trademark thereto, are the property of Jeopardy Productions, Inc. and are protected under law. This website is not affiliated with, sponsored by, or operated by Jeopardy Productions, Inc. Join the discussion at JBoard.tv.